History Quiz

Random History Quiz

Historic People Sleeping Quiz Stats

 Plays Quiz Updated Mar 10, 2015

Challenge
Share
Tweet
Score 0/15 Timer 05:00
1 Play Today
% Correct
Albert Einstein
99.4%
Adolf Hitler
96.7%
Marilyn Monroe
96%
John Lennon and Yoko Ono
95.6%
Charlie Chaplin
93.1%
Mohandas Gandhi
90.6%
Richard Nixon
90.3%
Nancy Reagan
89.4%
% Correct
Margaret Thatcher
87.6%
Muhammad Ali
85.1%
Jimi Hendrix
74.3%
Salvador Dalí
68.6%
Mark Twain
65.6%
Mikhail Gorbachev
64.1%
Elvis Presley
62.9%

You're not logged in!

Compare scores with friends on all Sporcle quizzes.
Join for Free
OR
Log In

You Might Also Like...

Show Comments

Extras

Top Quizzes Today


Score Distribution

Your Account Isn't Verified!

In order to create a playlist on Sporcle, you need to verify the email address you used during registration. Go to your Sporcle Settings to finish the process.

Report this User

Report this user for behavior that violates our Community Guidelines.

Details: